Professional Android 4 application development
19 chapters: Hello, Android; Getting Started; Creating Applications and Activities; Building User Interfaces; Intents and Broadcast Receivers; Using Internet Resources ; Files, Saving State, and Preferences; Databases and Content Providers; Working in the Background; Expanding the User Experience; A...
সংরক্ষণ করুন:
| প্রধান লেখক: | |
|---|---|
| বিন্যাস: | গ্রন্থ |
| ভাষা: | Undetermined |
| প্রকাশিত: |
Indianapolis
John Wiley & Sons
2012
|
| বিষয়গুলি: | |
| অনলাইন ব্যবহার করুন: | http://lrc.tdmu.edu.vn/opac/search/detail.asp?aID=2&ID=29449 |
| ট্যাগগুলো: |
ট্যাগ যুক্ত করুন
কোনো ট্যাগ নেই, প্রথমজন হিসাবে ট্যাগ করুন!
|
| Thư viện lưu trữ: | Trung tâm Học liệu Trường Đại học Thủ Dầu Một |
|---|
| LEADER | 01138nam a2200205Ia 4500 | ||
|---|---|---|---|
| 001 | TDMU_29449 | ||
| 008 | 210410s9999 xx 000 0 und d | ||
| 082 | |a 362.1042 | ||
| 090 | |b M201 | ||
| 100 | |a Meier, Reto | ||
| 245 | 0 | |a Professional Android 4 application development | |
| 245 | 0 | |c Reto Meier | |
| 260 | |a Indianapolis | ||
| 260 | |b John Wiley & Sons | ||
| 260 | |c 2012 | ||
| 300 | |a 817 pp. | ||
| 520 | |a 19 chapters: Hello, Android; Getting Started; Creating Applications and Activities; Building User Interfaces; Intents and Broadcast Receivers; Using Internet Resources ; Files, Saving State, and Preferences; Databases and Content Providers; Working in the Background; Expanding the User Experience; Advanced User Experience;... | ||
| 650 | |a Electronic resource |x Android; Application software |x Mobile computing |x Development; Tài nguyên điện tử |x Android; Công nghệ thông tin |x Phần mềm ứng dụng |x Điện thoại di động |x Phát triển | ||
| 856 | |u http://lrc.tdmu.edu.vn/opac/search/detail.asp?aID=2&ID=29449 | ||
| 980 | |a Trung tâm Học liệu Trường Đại học Thủ Dầu Một | ||